[Event "Tabor op"]
[Site "Tabor"]
[Date "2010.08.06"]
[Round "7"]
[White "Kasik, Miroslav1111"]
[Black "Bissig, Martin"]
[Result "1-0"]
[WhiteElo "1908"]
[BlackElo "1711"]
[PlyCount "39"]
[EventDate "2010.08.01"]
[EventType "swiss"]
[EventRounds "9"]
[EventCountry "CZE"]
[SourceTitle "EXT 2012"]
[Source "ChessBase"]
[SourceDate "2011.11.24"]
[SourceVersion "1"]
[SourceVersionDate "2011.11.24"]
[SourceQuality "1"]

1. e4 c5 2. Nc3 e6 3. g3 Nc6 4. Bg2 Nf6 5. d3 Be7 6. f4 d6 7. Nf3 e5 8. Ne2 0-0 9. 0-0 Bd7 10. b3 Rc8 11. Bb2 Bg4 12. fxe5 Bxf3 13. exf6 Bxe2 14. fxe7 Qxe7 15. Qxe2 f5 16. Rae1 Nd4 17. Bxd4 cxd4 18. exf5 Qe3+ 19. Qxe3 dxe3 20. c4 1-0

[Event "Tabor op"]
[Site "Tabor"]
[Date "2010.08.05"]
[Round "6"]
[White "Bissig, Martin"]
[Black "Dolezalova, Lada"]
[Result "1-0"]
[WhiteElo "1711"]
[BlackElo "1467"]
[PlyCount "83"]
[EventDate "2010.08.01"]
[EventType "swiss"]
[EventRounds "9"]
[EventCountry "CZE"]
[SourceTitle "EXT 2012"]
[Source "ChessBase"]
[SourceDate "2011.11.24"]
[SourceVersion "1"]
[SourceVersionDate "2011.11.24"]
[SourceQuality "1"]

1. e4 d5 2. exd5 Nf6 3. d4 Nxd5 4. Nf3 Bg4 5. Be2 Nc6 6. c3 e6 7. 0-0 Bd6 8. Nbd2 0-0 9. Nc4 Qd7 10. Nxd6 Qxd6 11. h3 Bh5 12. Bd3 Nf6 13. Bg5 Nd7 14. Re1 h6 15. Bh4 Nb6 16. Bg3 Qd7 17. Qe2 Nd5 18. Rad1 Rfe8 19. Rd2 a6 20. Qd1 Rad8 21. Be2 Nce7 22. Ne5 Bxe2 23. Rdxe2 Qc8 24. Qc1 Nf5 25. Bh2 Nb6 26. Ng4 Nc4 27. b3 Nb6 28. Bf4 h5 29. Ne3 Nxe3 30. Rxe3 Nd5 31. Rg3 Nxf4 32. Qxf4 Kf8 33. Qg5 g6 34. Rf3 Rd7 35. Qxg6 Ke7 36. Qxf7+ Kd8 37. Qxh5 Rg7 38. Rf5 Qd7 39. d5 Kc8 40. dxe6 Rxe6 41. Qh8+ Qd8 42. Qxd8+ 1-0

[Event "Tabor op"]
[Site "Tabor"]
[Date "2010.08.02"]
[Round "2"]
[White "Bissig, Martin"]
[Black "Pekarkova, Eva"]
[Result "0-1"]
[WhiteElo "1711"]
[BlackElo "1967"]
[PlyCount "80"]
[EventDate "2010.08.01"]
[EventType "swiss"]
[EventRounds "9"]
[EventCountry "CZE"]
[SourceTitle "EXT 2012"]
[Source "ChessBase"]
[SourceDate "2011.11.24"]
[SourceVersion "1"]
[SourceVersionDate "2011.11.24"]
[SourceQuality "1"]

1. e4 c5 2. Nf3 Nc6 3. d4 cxd4 4. Nxd4 g6 5. Be3 Bg7 6. c3 Nf6 7. Nd2 0-0 8. Be2 d5 9. Bf3 Ne5 10. 0-0 Nxf3+ 11. Qxf3 e5 12. N4b3 Bg4 13. Qg3 Be2 14. Rfe1 Nh5 15. Qh3 Bb5 16. exd5 Qxd5 17. Rad1 Bd7 18. Qh4 Bc6 19. f3 Qe6 20. Qc4 Bd5 21. Qa4 b6 22. c4 Bc6 23. Qb4 Rfd8 24. c5 Bf8 25. Qc3 Nf6 26. Bg5 Nd5 27. Qxe5 Qxe5 28. Rxe5 f6 29. Rxd5 Rxd5 30. Bxf6 bxc5 31. Rc1 Kf7 32. Ne4 Ba4 33. Nbxc5 Bxc5+ 34. Rxc5 Rxc5 35. Nxc5 Kxf6 36. Nxa4 Rc8 37. Kf2 Rc2+ 38. Kg3 g5 39. f4 gxf4+ 40. Kxf4 Rc4+ 0-1

[Event "Tabor op"]
[Site "Tabor"]
[Date "2010.08.02"]
[Round "3"]
[White "Kovarik, Matyas"]
[Black "Bissig, Martin"]
[Result "0-1"]
[WhiteElo "1473"]
[BlackElo "1711"]
[PlyCount "64"]
[EventDate "2010.08.01"]
[EventType "swiss"]
[EventRounds "9"]
[EventCountry "CZE"]
[SourceTitle "EXT 2012"]
[Source "ChessBase"]
[SourceDate "2011.11.24"]
[SourceVersion "1"]
[SourceVersionDate "2011.11.24"]
[SourceQuality "1"]

1. e4 c5 2. Nf3 e6 3. d4 cxd4 4. Nxd4 Nc6 5. Nc3 a6 6. Be3 Be7 7. Be2 Nf6 8. Qd2 0-0 9. 0-0 d6 10. h3 Bd7 11. Rad1 Rc8 12. Nf3 Qa5 13. Qd3 Rfd8 14. a3 Ne5 15. Nxe5 dxe5 16. Bd2 Qc7 17. Qf3 b5 18. Rfe1 Bc6 19. Bd3 Qb7 20. Qg3 Be8 21. Qxe5 Nd7 22. Qg3 Nc5 23. Bf4 Nxd3 24. Rxd3 b4 25. axb4 Qxb4 26. Rxd8 Rxd8 27. b3 Rc8 28. Bd2 Qd4 29. Rd1 Bb4 30. Be1 Qc5 31. Qf3 Bxc3 32. Bxc3 Qxc3 0-1

[Event "Ascona Seniors op 8th"]
[Site "Ascona"]
[Date "2009.11.06"]
[Round "5"]
[White "Bissig, Martin"]
[Black "Kohl, Herbert1111"]
[Result "0-1"]
[WhiteElo "1597"]
[BlackElo "1644"]
[PlyCount "42"]
[EventDate "2009.11.02"]
[EventType "swiss"]
[EventRounds "9"]
[EventCountry "SUI"]
[SourceTitle "EXT 2022"]
[Source "ChessBase"]
[SourceDate "2021.10.06"]
[SourceVersion "1"]
[SourceVersionDate "2021.10.06"]
[SourceQuality "1"]

1. e4 c5 2. Nf3 e6 3. d4 cxd4 4. Nxd4 Nf6 5. Nc3 Nc6 6. Be2 Bb4 7. Bf3 d5 8. exd5 Nxd5 9. Nxc6 bxc6 10. Bd2 Ba6 11. Nxd5 Bxd2+ 12. Qxd2 cxd5 13. Be2 Bxe2 14. Qxe2 0-0 15. 0-0 Qb6 16. b3 Rfc8 17. Rac1 Rc6 18. Rfd1 Rac8 19. Qe5 Rxc2 20. Rxc2 Rxc2 21. h3 Qxf2+ 0-1

[Event "Ascona Seniors op 7th"]
[Site "Ascona"]
[Date "2008.11.09"]
[Round "6"]
[White "Nievergelt, Heinrich"]
[Black "Bissig, Martin"]
[Result "1-0"]
[WhiteElo "1815"]
[BlackElo "1658"]
[PlyCount "83"]
[EventDate "2008.11.03"]
[EventType "swiss"]
[EventRounds "9"]
[EventCountry "SUI"]
[SourceTitle "EXT 2022"]
[Source "ChessBase"]
[SourceDate "2021.10.06"]
[SourceVersion "1"]
[SourceVersionDate "2021.10.06"]
[SourceQuality "1"]

1. e4 c5 2. Nf3 e6 3. Bc4 Nc6 4. 0-0 a6 5. a4 d6 6. d4 cxd4 7. Nxd4 Be7 8. Be3 Nf6 9. Nc3 Bd7 10. f4 e5 11. Nde2 0-0 12. f5 Rc8 13. Bb3 Na5 14. Ba2 Nc4 15. Bxc4 Rxc4 16. Ng3 Rc8 17. Rf2 Qc7 18. Bg5 Bc6 19. Bxf6 Bxf6 20. Kh1 Bh4 21. Rf3 Bxg3 22. Rxg3 f6 23. Qh5 Be8 24. Qh4 g5 25. fxg6 Bxg6 26. Rf1 Kg7 27. Rh3 Qc4 28. Rhf3 f5 29. Qe7+ Rf7 30. Qxd6 fxe4 31. Rxf7+ Bxf7 32. Qxe5+ Kg8 33. Re1 Re8 34. Qg5+ Bg6 35. h4 Kf8 36. h5 Kg7 37. hxg6 hxg6 38. Qe3 Rh8+ 39. Kg1 Qc7 40. Qd4+ Kg8 41. Qxe4 Qc5+ 42. Qe3 1-0

[Event "Ascona Seniors op 7th"]
[Site "Ascona"]
[Date "2008.11.07"]
[Round "5"]
[White "Bissig, Martin"]
[Black "Caduff, Guido"]
[Result "1-0"]
[WhiteElo "1658"]
[BlackElo "1734"]
[PlyCount "65"]
[EventDate "2008.11.03"]
[EventType "swiss"]
[EventRounds "9"]
[EventCountry "SUI"]
[SourceTitle "EXT 2022"]
[Source "ChessBase"]
[SourceDate "2021.10.06"]
[SourceVersion "1"]
[SourceVersionDate "2021.10.06"]
[SourceQuality "1"]

1. e4 e6 2. d4 d5 3. Nd2 Nf6 4. e5 Nfd7 5. c4 c5 6. cxd5 exd5 7. Ngf3 cxd4 8. Nb3 Nc6 9. e6 fxe6 10. Nfxd4 Nf6 11. Bb5 Bd7 12. 0-0 Be7 13. Re1 Qc8 14. Bg5 0-0 15. Rc1 Bb4 16. Re3 Ne4 17. Bh4 a6 18. Bd3 Qe8 19. Bxe4 dxe4 20. Rxe4 Qf7 21. Nxc6 Bxc6 22. Rxc6 bxc6 23. Rxb4 g5 24. Bg3 h5 25. h4 g4 26. Rf4 Qe7 27. Rxf8+ Qxf8 28. Qd7 Qe8 29. Qd2 Qg6 30. Qd6 Qb1+ 31. Kh2 Qxa2 32. Qxe6+ Kh7 33. Qf7+ 1-0

[Event "Ascona Seniors op 7th"]
[Site "Ascona"]
[Date "2008.11.04"]
[Round "2"]
[White "Toller, Clotin"]
[Black "Bissig, Martin"]
[Result "0-1"]
[WhiteElo "1442"]
[BlackElo "1658"]
[PlyCount "110"]
[EventDate "2008.11.03"]
[EventType "swiss"]
[EventRounds "9"]
[EventCountry "SUI"]
[SourceTitle "EXT 2022"]
[Source "ChessBase"]
[SourceDate "2021.10.06"]
[SourceVersion "1"]
[SourceVersionDate "2021.10.06"]
[SourceQuality "1"]

1. e4 c5 2. Nf3 e6 3. b3 Nc6 4. Bb2 Nf6 5. Nc3 a6 6. a3 Be7 7. Be2 0-0 8. 0-0 Qc7 9. h3 b5 10. a4 b4 11. Nb1 Nxe4 12. Bd3 d5 13. c4 Bf6 14. Bxf6 Nxf6 15. Be2 dxc4 16. Bxc4 Bb7 17. Qe2 Na5 18. d3 Bd5 19. Nbd2 Qc6 20. Ne5 Qb7 21. Bxd5 Nxd5 22. Qe4 Nc3 23. Qxb7 Nxb7 24. Rfe1 Rfd8 25. Re3 Rd6 26. Ndc4 Rdd8 27. Rc1 Rac8 28. Rc2 f6 29. Nf3 Kf7 30. Rd2 Nd6 31. d4 Nxc4 32. bxc4 cxd4 33. Rxd4 Rxd4 34. Nxd4 e5 35. Nc2 Rxc4 36. Nxb4 Ne2+ 37. Kf1 Rxb4 38. Kxe2 Rxa4 39. Rc3 Rd4 40. Ra3 Rd6 41. Ke3 f5 42. Ra4 g5 43. g3 h6 44. f4 exf4+ 45. gxf4 Kf6 46. Kf3 h5 47. fxg5+ Kxg5 48. Ra5 h4 49. Re5 Rd3+ 50. Kg2 Kf4 51. Re6 a5 52. Kh2 a4 53. Rh6 Kg5 54. Ra6 a3 55. Ra4 Rd2+ 0-1

[Event "Ascona Seniors op 7th"]
[Site "Ascona"]
[Date "2008.11.03"]
[Round "1"]
[White "Bissig, Martin"]
[Black "Abegg, Beat"]
[Result "0-1"]
[WhiteElo "1658"]
[BlackElo "1925"]
[PlyCount "84"]
[EventDate "2008.11.03"]
[EventType "swiss"]
[EventRounds "9"]
[EventCountry "SUI"]
[SourceTitle "EXT 2022"]
[Source "ChessBase"]
[SourceDate "2021.10.06"]
[SourceVersion "1"]
[SourceVersionDate "2021.10.06"]
[SourceQuality "1"]

1. e4 c6 2. d4 d5 3. Nc3 dxe4 4. Nxe4 Nd7 5. Nf3 Ngf6 6. Ng3 e6 7. a3 Be7 8. Bd3 h6 9. 0-0 0-0 10. b4 a5 11. b5 c5 12. a4 cxd4 13. Nxd4 Nc5 14. Bc4 Qc7 15. Ba3 Rd8 16. Re1 e5 17. Qe2 Rxd4 18. Qxe5 Qxe5 19. Rxe5 Rxc4 20. Rxe7 Nxa4 21. Bd6 Bd7 22. Be5 Re8 23. Bxf6 Rxe7 24. Bxe7 Bxb5 25. Bd8 b6 26. h3 Rxc2 27. Bxb6 Nxb6 28. Rb1 Bd3 29. Rxb6 a4 30. Rb8+ Kh7 31. Ra8 Rc1+ 32. Kh2 Bc2 33. Nh5 Bb3 34. Nf4 Rc2 35. Kg1 Rd2 36. Ra7 g5 37. Nh5 Rd1+ 38. Kh2 Ra1 39. Ng3 a3 40. Ne4 a2 41. Nc3 Re1 42. Nxa2 Ra1 0-1

[Event "Zuerich Seniors op 06th"]
[Site "Zuerich"]
[Date "2008.02.05"]
[Round "7"]
[White "Bissig, Martin"]
[Black "Bernegger, Willi"]
[Result "1/2-1/2"]
[WhiteElo "1703"]
[BlackElo "1570"]
[PlyCount "50"]
[EventDate "2008.01.28"]
[EventType "swiss"]
[EventRounds "9"]
[EventCountry "SUI"]
[SourceTitle "EXT 2022"]
[Source "ChessBase"]
[SourceDate "2021.10.06"]
[SourceVersion "1"]
[SourceVersionDate "2021.10.06"]
[SourceQuality "1"]

1. e4 Nf6 2. e5 Nd5 3. c4 Nb6 4. d4 d6 5. f4 dxe5 6. fxe5 Nc6 7. Nf3 Bg4 8. Be3 e6 9. Nc3 Be7 10. Be2 0-0 11. 0-0 h6 12. a3 a5 13. Rc1 Rb8 14. Qe1 Bxf3 15. Bxf3 Nxd4 16. Ne4 Nxf3+ 17. Rxf3 Ra8 18. Bxh6 Qd4+ 19. Kh1 Qxe5 20. Bf4 Qd4 21. Bxc7 Nxc4 22. Rd1 Qxb2 23. Nd6 Nxd6 24. Bxd6 Bxd6 25. Rxd6 Rac8 1/2-1/2

[Event "Zuerich Seniors op 05th"]
[Site "Zuerich"]
[Date "2007.01.31"]
[Round "8"]
[White "Hofer, Heinz"]
[Black "Bissig, Martin"]
[Result "0-1"]
[WhiteElo "1733"]
[BlackElo "1646"]
[PlyCount "40"]
[EventDate "2007.01.22"]
[EventType "swiss"]
[EventRounds "9"]
[EventCountry "SUI"]
[SourceTitle "EXT 2022"]
[Source "ChessBase"]
[SourceDate "2021.10.06"]
[SourceVersion "1"]
[SourceVersionDate "2021.10.06"]
[SourceQuality "1"]

1. Nf3 c5 2. c4 Nc6 3. d4 cxd4 4. Nxd4 e6 5. Nc3 a6 6. e4 Bb4 7. Nxc6 Bxc3+ 8. Bd2 Bxd2+ 9. Qxd2 dxc6 10. Qc3 Nf6 11. Rd1 Qe7 12. Bd3 0-0 13. e5 Nd7 14. 0-0 b5 15. Rfe1 Ra7 16. Bc2 Nb6 17. Rd4 Rd7 18. Bxh7+ Kh8 19. Qh3 Rxd4 20. Bg6+ Rh4 0-1

[Event "Zuerich Seniors op 05th"]
[Site "Zuerich"]
[Date "2007.01.24"]
[Round "3"]
[White "Lenzhofer, Bruno"]
[Black "Bissig, Martin"]
[Result "1/2-1/2"]
[WhiteElo "1895"]
[BlackElo "1646"]
[PlyCount "54"]
[EventDate "2007.01.22"]
[EventType "swiss"]
[EventRounds "9"]
[EventCountry "SUI"]
[SourceTitle "EXT 2022"]
[Source "ChessBase"]
[SourceDate "2021.10.06"]
[SourceVersion "1"]
[SourceVersionDate "2021.10.06"]
[SourceQuality "1"]

1. e4 c5 2. Nf3 Nc6 3. d4 cxd4 4. Nxd4 e6 5. Nc3 a6 6. a3 d6 7. Be2 Nf6 8. Be3 Bd7 9. 0-0 Be7 10. f4 0-0 11. Kh1 Qc7 12. Qe1 Rfe8 13. Qg3 Rac8 14. Rad1 Kh8 15. Bf3 Na5 16. Bc1 Nc4 17. Rfe1 Nxa3 18. e5 dxe5 19. fxe5 Ng8 20. Ne4 Nxc2 21. Nxc2 Qxc2 22. Bg5 Bc6 23. Bxe7 Nxe7 24. Rc1 Qxb2 25. Ng5 Bxf3 26. Nxf7+ Kg8 27. Nh6+ Kh8 1/2-1/2

[Event "Zuerich op-B 31st"]
[Site "Zuerich"]
[Date "2007.??.??"]
[Round "3"]
[White "Bissig, Martin"]
[Black "Arnold, Thomas"]
[Result "0-1"]
[WhiteElo "1688"]
[BlackElo "1859"]
[PlyCount "55"]
[EventDate "2007.12.26"]
[EventType "swiss"]
[EventRounds "7"]
[EventCountry "SUI"]
[SourceTitle "EXT 2019"]
[Source "ChessBase"]
[SourceDate "2018.10.10"]
[SourceVersion "1"]
[SourceVersionDate "2018.10.10"]
[SourceQuality "1"]

1. e4 c5 2. Nf3 d6 3. d4 cxd4 4. Nxd4 e6 5. Nc3 Nc6 6. Be2 Nf6 7. 0-0 Be7 8. Be3 0-0 9. f3 a6 10. Kh1 Qc7 11. Qe1 b5 12. a3 Bb7 13. Qg3 Ne5 14. Rac1 Rac8 15. f4 Nc4 16. Bxc4 Qxc4 17. e5 Ne4 18. Nxe4 Bxe4 19. c3 Rfd8 20. f5 dxe5 21. f6 Bxf6 22. Rxf6 exd4 23. Bh6 Bg6 24. Bxg7 Kxg7 25. Rcf1 Rd7 26. Qe5 Kg8 27. h4 dxc3 28. bxc3 0-1

[Event "Bad Ragaz Seniors op 4th"]
[Site "Bad Ragaz"]
[Date "2006.03.29"]
[Round "9"]
[White "Bissig, Martin"]
[Black "Berchten, Eduard"]
[Result "1-0"]
[WhiteElo "1639"]
[BlackElo "1432"]
[PlyCount "58"]
[EventDate "2006.03.20"]
[EventType "swiss"]
[EventRounds "7"]
[EventCountry "SUI"]
[SourceTitle "EXT 2007"]
[Source "ChessBase"]
[SourceDate "2006.11.23"]
[SourceVersion "1"]
[SourceVersionDate "2006.11.23"]
[SourceQuality "1"]

1. e4 c5 2. Nf3 e6 3. d4 cxd4 4. Nxd4 a6 5. Nc3 b6 6. Be2 Bb7 7. f3 Qc7 8. Nb3 d6 9. Bf4 Nc6 10. 0-0 Nf6 11. Bg3 Be7 12. Bf2 0-0 13. a3 Bd8 14. Rc1 Qe7 15. Bh4 Bc7 16. Kh1 Ne5 17. f4 Ng6 18. Bg5 h6 19. f5 hxg5 20. fxg6 Nxe4 21. gxf7+ Rxf7 22. Qe1 Nxc3 23. Qxc3 Rc8 24. Qe3 Rcf8 25. Rxf7 Rxf7 26. Bd3 Qf8 27. Qh3 g6 28. Qxe6 Bc8 29. Qd5 Bb7 1-0

[Event "Bad Ragaz Seniors op 4th"]
[Site "Bad Ragaz"]
[Date "2006.03.20"]
[Round "1"]
[White "Weder, Hanspeter"]
[Black "Bissig, Martin"]
[Result "1-0"]
[WhiteElo "1911"]
[BlackElo "1639"]
[PlyCount "83"]
[EventDate "2006.03.20"]
[EventType "swiss"]
[EventRounds "7"]
[EventCountry "SUI"]
[SourceTitle "EXT 2007"]
[Source "ChessBase"]
[SourceDate "2006.11.23"]
[SourceVersion "1"]
[SourceVersionDate "2006.11.23"]
[SourceQuality "1"]

1. e4 c5 2. Nf3 Nc6 3. d4 cxd4 4. Nxd4 e6 5. Be2 a6 6. 0-0 Be7 7. Nxc6 bxc6 8. Nd2 Nf6 9. e5 Nd5 10. Nf3 0-0 11. c4 Nc7 12. Be3 Ne8 13. Qc2 f6 14. exf6 Nxf6 15. Bd3 Qc7 16. Bd4 h6 17. Rad1 Bb7 18. Qe2 c5 19. Bc3 Bxf3 20. Qxf3 Nd5 21. Qe4 Nxc3 22. bxc3 Bf6 23. Bc2 Bxc3 24. Rd3 Bd4 25. Rh3 Qf4 26. Qh7+ Kf7 27. Rf3 Qxf3 28. gxf3 Ke7 29. Qe4 Rab8 30. Bb3 Rf5 31. Rd1 Rbf8 32. Rxd4 cxd4 33. Qxd4 R8f6 34. c5 Rg6+ 35. Kf1 d5 36. Qd3 Rfg5 37. Ba4 d4 38. Qxd4 Rg1+ 39. Ke2 Rc1 40. Qd6+ Kf6 41. Qd4+ Kg5 42. Qe5+ 1-0

[Event "Zuerich Seniors op 4th"]
[Site "Zuerich"]
[Date "2006.01.30"]
[Round "6"]
[White "Bissig, Martin"]
[Black "Naepflin, Reinhold"]
[Result "1/2-1/2"]
[WhiteElo "1639"]
[BlackElo "1789"]
[PlyCount "78"]
[EventDate "2006.01.23"]
[EventType "swiss"]
[EventRounds "9"]
[EventCountry "SUI"]
[SourceTitle "EXT 2007"]
[Source "ChessBase"]
[SourceDate "2006.11.23"]
[SourceVersion "1"]
[SourceVersionDate "2006.11.23"]
[SourceQuality "1"]

1. e4 c5 2. Nf3 d6 3. d4 cxd4 4. Nxd4 Nf6 5. Nc3 a6 6. Be2 e6 7. Be3 Be7 8. 0-0 0-0 9. f4 Qc7 10. Qd2 Nc6 11. Nxc6 bxc6 12. Bf3 Bb7 13. Qf2 c5 14. Qg3 d5 15. e5 Ne8 16. Bd2 Bc6 17. b3 Rb8 18. Rad1 Qd7 19. Bc1 a5 20. Ba3 Kh8 21. Kh1 Nc7 22. Ne4 Nb5 23. Bxc5 Bxc5 24. Nxc5 Qe7 25. Nd3 Nd4 26. c4 dxc4 27. Bxc6 Nxc6 28. bxc4 Nd4 29. Qf2 Rfd8 30. Nc1 Nf5 31. Nb3 Rdc8 32. Rc1 a4 33. Nd4 Nxd4 34. Qxd4 Qc5 35. Qxc5 Rxc5 36. Rc2 Kg8 37. g3 Kf8 38. Rd1 Ke7 39. Kg2 Rb4 1/2-1/2

[Event "Zuerich Seniors op 4th"]
[Site "Zuerich"]
[Date "2006.01.25"]
[Round "3"]
[White "Bissig, Martin"]
[Black "Abegg, Beat"]
[Result "0-1"]
[WhiteElo "1639"]
[BlackElo "1835"]
[PlyCount "52"]
[EventDate "2006.01.23"]
[EventType "swiss"]
[EventRounds "9"]
[EventCountry "SUI"]
[SourceTitle "EXT 2007"]
[Source "ChessBase"]
[SourceDate "2006.11.23"]
[SourceVersion "1"]
[SourceVersionDate "2006.11.23"]
[SourceQuality "1"]

1. e4 e6 2. d4 d5 3. Nc3 Nf6 4. exd5 exd5 5. Nf3 Bg4 6. Be2 Be7 7. h3 Bh5 8. 0-0 0-0 9. Re1 h6 10. Bf4 c6 11. a3 Nbd7 12. Nh4 Bxe2 13. Qxe2 Re8 14. Bh2 Bxa3 15. Qd2 Rxe1+ 16. Qxe1 Bb4 17. Nf5 Nf8 18. Qd2 Kh7 19. Bf4 Ne4 20. Qe3 Bxc3 21. bxc3 Qf6 22. g4 Ne6 23. Be5 Qg5 24. f4 Qd8 25. Nxh6 gxh6 26. f5 Qg5 0-1

[Event "Zuerich Seniors op 4th"]
[Site "Zuerich"]
[Date "2006.01.24"]
[Round "2"]
[White "Seewald, Klaus"]
[Black "Bissig, Martin"]
[Result "0-1"]
[WhiteElo "1488"]
[BlackElo "1639"]
[PlyCount "104"]
[EventDate "2006.01.23"]
[EventType "swiss"]
[EventRounds "9"]
[EventCountry "SUI"]
[SourceTitle "EXT 2007"]
[Source "ChessBase"]
[SourceDate "2006.11.23"]
[SourceVersion "1"]
[SourceVersionDate "2006.11.23"]
[SourceQuality "1"]

1. d4 d5 2. c4 c6 3. e3 Nf6 4. Nc3 Nbd7 5. Nf3 e6 6. cxd5 exd5 7. Bd3 Bd6 8. 0-0 0-0 9. Qc2 Re8 10. e4 dxe4 11. Nxe4 Nf8 12. Bg5 Be7 13. Nxf6+ Bxf6 14. Bxf6 Qxf6 15. Qc3 Be6 16. Ne5 Rad8 17. Rfd1 Bd5 18. Bc4 Qg5 19. Bxd5 Rxd5 20. Rd3 Red8 21. Rad1 Ne6 22. Nf3 Qf6 23. g3 c5 24. Qc4 Nxd4 25. Nxd4 cxd4 26. Kg2 Qc6 27. Qxc6 bxc6 28. b4 f6 29. Rc1 R8d6 30. f4 a5 31. a3 Rb5 32. Rc4 axb4 33. axb4 Rbd5 34. Kf3 Kf7 35. Ke2 Ke6 36. g4 g6 37. Kf3 h5 38. h3 hxg4+ 39. hxg4 Kd7 40. Ke2 Kc7 41. Kd2 Kb6 42. Kc2 c5 43. Kb3 cxb4 44. Rxb4+ Rb5 45. Kc4 Rc6+ 46. Kb3 Kc5 47. Rdxd4 Rxb4+ 48. Rxb4 Kd5 49. Rb5+ Ke4 50. Rb4+ Kf3 51. Rd4 Re6 52. Kc3 Re3+ 0-1

[Event "Ascona Seniors op 4th"]
[Site "Ascona"]
[Date "2005.11.07"]
[Round "7"]
[White "Bornhauser, Walter"]
[Black "Bissig, Martin"]
[Result "0-1"]
[WhiteElo "1741"]
[BlackElo "1670"]
[PlyCount "78"]
[EventDate "2005.10.31"]
[EventType "swiss"]
[EventRounds "9"]
[EventCountry "SUI"]
[SourceTitle "EXT 2007"]
[Source "ChessBase"]
[SourceDate "2006.11.23"]
[SourceVersion "1"]
[SourceVersionDate "2006.11.23"]
[SourceQuality "1"]

1. e4 c5 2. Nf3 e6 3. d4 cxd4 4. Nxd4 Nc6 5. Nc3 a6 6. a3 Nf6 7. Be2 Be7 8. 0-0 Qc7 9. Kh1 0-0 10. Bg5 h6 11. Be3 b5 12. f4 e5 13. Nxc6 dxc6 14. f5 Bb7 15. Qe1 Kh7 16. Rd1 Rad8 17. Rxd8 Rxd8 18. Bf3 c5 19. Qf2 Rd7 20. g4 b4 21. axb4 cxb4 22. Nd5 Nxd5 23. exd5 Bxd5 24. Bxd5 Rxd5 25. Qf3 Qd7 26. Ra1 f6 27. Kg2 Qc6 28. Kg3 e4 29. Qxe4 Qd7 30. Rxa6 Re5 31. Qf3 Bc5 32. Bxc5 Rxc5 33. c3 bxc3 34. bxc3 Qc7+ 35. Kg2 Rxc3 36. Qe4 Rc2+ 37. Kf3 Qxh2 38. Qe1 Qg2+ 39. Ke3 Qh3+ 0-1

[Event "Ascona Seniors op 4th"]
[Site "Ascona"]
[Date "2005.11.06"]
[Round "6"]
[White "Bissig, Martin"]
[Black "Koehler, Lothar"]
[Result "1-0"]
[WhiteElo "1670"]
[BlackElo "1553"]
[PlyCount "57"]
[EventDate "2005.10.31"]
[EventType "swiss"]
[EventRounds "9"]
[EventCountry "SUI"]
[SourceTitle "EXT 2007"]
[Source "ChessBase"]
[SourceDate "2006.11.23"]
[SourceVersion "1"]
[SourceVersionDate "2006.11.23"]
[SourceQuality "1"]

1. e4 d5 2. exd5 Qxd5 3. Nc3 Qa5 4. d4 Nf6 5. Bd2 c6 6. Nf3 Qc7 7. h3 e6 8. Bd3 Be7 9. 0-0 Nbd7 10. Rc1 Nd5 11. Nxd5 exd5 12. Re1 Nf6 13. Bb4 Be6 14. Bd2 h6 15. a3 a6 16. Rxe6 fxe6 17. Bg6+ Kf8 18. Qe1 Qc8 19. Bb4 c5 20. dxc5 Bxc5 21. Bxc5+ Qxc5 22. Qxe6 Qe7 23. Qb6 Rc8 24. Re1 Ne4 25. Nd4 Qf6 26. Qb4+ Qd6 27. Qxb7 Rc7 28. Qxc7 Qxc7 29. Ne6+ 1-0

[Event "Ascona Seniors op 4th"]
[Site "Ascona"]
[Date "2005.11.02"]
[Round "3"]
[White "Caduff, Clemens"]
[Black "Bissig, Martin"]
[Result "0-1"]
[WhiteElo "1438"]
[BlackElo "1670"]
[PlyCount "122"]
[EventDate "2005.10.31"]
[EventType "swiss"]
[EventRounds "9"]
[EventCountry "SUI"]
[SourceTitle "EXT 2007"]
[Source "ChessBase"]
[SourceDate "2006.11.23"]
[SourceVersion "1"]
[SourceVersionDate "2006.11.23"]
[SourceQuality "1"]

1. d4 d5 2. g3 e6 3. Bg2 c5 4. dxc5 Bxc5 5. e3 Nf6 6. Ne2 0-0 7. 0-0 Bd7 8. Nbc3 Nc6 9. a3 a5 10. a4 Ne5 11. b3 Rc8 12. Bb2 Ng6 13. Rc1 Qb6 14. Qd2 Bb4 15. Kh1 Rfd8 16. Qd1 Ne4 17. Nxe4 dxe4 18. Qd4 Qxd4 19. Nxd4 e5 20. Ne2 Bg4 21. Ng1 Rd2 22. Bxe4 f6 23. h3 Be2 24. Nxe2 Rxe2 25. Bd3 Rd2 26. Kg2 Ne7 27. Bc4+ Kf8 28. Rfd1 Rcd8 29. Rxd2 Rxd2 30. h4 Nf5 31. Kf3 Ke7 32. Bd3 Nd6 33. Bxh7 e4+ 34. Bxe4 Nxe4 35. Kxe4 Rxf2 36. Bd4 Bd6 37. g4 Bc7 38. Kd5 Rg2 39. Bc5+ Kf7 40. g5 fxg5 41. Rf1+ Kg6 42. h5+ Kxh5 43. Rf7 Bd8 44. c4 Rd2+ 45. Ke4 Bf6 46. Rxb7 g4 47. Rb5 Kh4 48. Rxa5 g3 49. Bb4 Rd1 50. Rf5 g2 51. Rf4+ Kh3 52. Rf3+ Kh2 53. Bd6+ Rxd6 54. c5 Rd1 55. Rf2 Kh1 56. Rxg2 Kxg2 57. b4 Bd8 58. Kf5 Kf3 59. e4 g5 60. b5 g4 61. c6 g3 0-1

[Event "Laax Seniors op 4th"]
[Site "Laax"]
[Date "2005.08.23"]
[Round "2"]
[White "Bissig, Martin"]
[Black "Schneider, Antonio"]
[Result "1/2-1/2"]
[WhiteElo "1640"]
[BlackElo "1977"]
[PlyCount "67"]
[EventDate "2005.08.22"]
[EventType "swiss"]
[EventRounds "9"]
[EventCountry "SUI"]
[SourceTitle "EXT 2007"]
[Source "ChessBase"]
[SourceDate "2006.11.23"]
[SourceVersion "1"]
[SourceVersionDate "2006.11.23"]
[SourceQuality "1"]

1. e4 a6 2. Nf3 c5 3. d4 cxd4 4. Nxd4 e6 5. Be2 Nf6 6. f3 Qc7 7. Be3 d5 8. exd5 Nxd5 9. Bf2 Bd6 10. g3 e5 11. Nb3 Be6 12. 0-0 b5 13. N1d2 Nd7 14. Rc1 Nb4 15. a3 Nc6 16. Re1 Be7 17. Ne4 Rd8 18. Bd3 Bc4 19. Qe2 Na5 20. Nxa5 Bxd3 21. Qxd3 Qxa5 22. Nd6+ Bxd6 23. Qxd6 f6 24. Qe6+ Kf8 25. Rcd1 Qc7 26. Qd6+ Qxd6 27. Rxd6 Ke7 28. Rxa6 Rc8 29. c3 Rhd8 30. Rd1 Rc7 31. Rad6 Rdc8 32. Ra6 Rb7 33. Kf1 Nb8 34. Ra7 1/2-1/2